| 000 | 01518cam a2200397 a 4500 | ||
|---|---|---|---|
| 001 | 9487 | ||
| 003 | FISKH | ||
| 005 | 20260114113841.0 | ||
| 008 | 040809s2005 nyu b 000 1 eng | ||
| 010 | _a 2004111658 | ||
| 020 |
_a0060762128 _qpbk. |
||
| 020 |
_a9780060762124 _q(pbk.) |
||
| 040 |
_aDLC _cDLC _dDLC _beng |
||
| 050 | _aPZ7.D8542 S | ||
| 082 | _a813.6 | ||
| 100 | 1 | _aHailey, Martha | |
| 245 | 1 | 4 |
_aThe secret garden / _cRetold from the Frances Hodgson Burnett original by Martha Hailey ; Illustrated by Lucy Corvino |
| 260 |
_aNew York : _bSterling, _c2005. |
||
| 300 |
_a151 pages : _billustratrations ; _c19 cm ; _e2 CDs room . |
||
| 490 | _aClassic starts | ||
| 500 | _aIncludes necklace with charm. | ||
| 505 | _aO | ||
| 520 | _aA simplified version of the tale in which orphaned, ten-year-old Mary comes to live in a lonely house on the Yorkshire moors where she discovers an invalid cousin and the mysteries of a locked garden. | ||
| 521 |
_a600
_bLexile |
||
| 521 |
_aO
_bRaz-Plus |
||
| 650 | 1 |
_aOrphans _vFiction. |
|
| 650 | 1 |
_aGardens _vFiction. |
|
| 650 | 1 |
_aPeople with disabilities _vFiction. |
|
| 651 | 1 |
_aYorkshire (England) _xHistory _y20th century _vFiction. |
|
| 651 | 1 |
_aGreat Britain _xHistory _yEdward VII, 1901-1910 _vFiction. |
|
| 655 | 7 |
_aFiction. _2lcgft _0https://id.loc.gov/authorities/genreForms/gf2014026339 |
|
| 700 |
_aCorvino, Lucy _eillustrator |
||
| 906 |
_a7 _bcbc _corignew _d3 _eepcn _f20 _gy-gencatlg |
||
| 942 |
_2ddc _cBK _n0 |
||
| 999 |
_c9487 _d9487 |
||